000 00355nam a22001217a 4500
999 _c4769
_d4769
008 250320b ||||| |||| 00| 0 eng d
020 _a9780571314096
082 _a823.92 MON
100 _aMONTGOMERY,ROSS
_eAUTHOR
245 _aTHE BUILDING BOY
260 _aBLOOMSBURY HOUSE, 74-77 GREAT RUSELL STREET,LONDON WC1B 3DA
_bFABER & FABER LIMITED
942 _2ddc